All Super Smash Bros. Characters - Statistics

General Stats
  • This quiz has been taken 25 times
  • The average score is 41 of 89
Answer Stats
Answer % Correct
Mario
95%
Luigi
89%
Bowser
84%
Link
84%
Princess Peach
84%
Zelda
79%
Donkey Kong
74%
Ganondorf
68%
Kirby
68%
Pikachu
68%
Princess Daisy
68%
Sheik
68%
Bowser Jr.
63%
Charizard
63%
Diddy Kong
63%
Lucario
63%
Yoshi
63%
Bayonetta
58%
Ken
58%
Marth
58%
Mr. Game and Watch
58%
R.O.B.
58%
Samus
58%
Squirtle
58%
Toon Link
58%
Wario
58%
Banjo & Kazooie
53%
Captain Falcon
53%
Cloud
53%
Dr. Mario
53%
Meta Knight
53%
Mewtwo
53%
Pichu
53%
Dark Samus
47%
Duck Hunt
47%
Ivysaur
47%
Jigglypuff
47%
King K. Rool
47%
Pac-Man
47%
Riddley
47%
Rosalina and Luma
47%
Ryu
47%
Sonic
47%
Steve
47%
Fox
42%
Hero
42%
Incineroar
42%
Kazuya
42%
King Dedede
42%
Lucina
42%
Ness
42%
Piranha Plant
42%
Pyra
42%
Sora
42%
Young Link
42%
Zero Suit Samus
42%
Byleth
37%
Chrom
37%
Corrin
37%
Falco
37%
Greninja
37%
Ike
37%
Joker
37%
Mega Man
37%
Min Min
37%
Mythra
37%
Pit
37%
Roy
37%
Terry
37%
Wolf
37%
Dark Pit
32%
Ice Climbers
32%
Mii Brawler
32%
Mii Gunner
32%
Mii Swordfighter
32%
Palutena
32%
Robin
32%
Shulk
32%
Lucas
26%
Olimar
26%
Wii Fit Trainer
26%
Isabelle
21%
Snake
21%
Villager
21%
Inkling
16%
Richter
16%
Simon
16%
Little Mac
11%
Sephirath
0%
No matching quizzes found
Score Distribution
Percent of People with Each Score
Percentile by Number Answered
Your Score History
You have not taken this quiz